| 000 | 00758nam a2200193Ii 4500 | ||
|---|---|---|---|
| 003 | JO-AjNU | ||
| 008 | 230605s9999||||xx |||||||||||||| ||und|| | ||
| 040 |
_aJO-AjNU _bara _erda _cJO-AjNU |
||
| 041 | _aara | ||
| 050 | 1 | 4 | _aBP135.A3.I2626 1985 |
| 100 | 3 |
_aشرح وتخريج وتصحيح السامرائي، صلاح احمد, _eauthor _935222 |
|
| 245 | 0 | 0 | _aالاربعون التيمية برواية شيخ الاسلام أبي العباس احمد بن تيمية رحمه الله تعالى 661-728 هجري |
| 264 | 3 | 1 | _aبغداد: د.ن، 1985 |
| 300 | _a64ص | ||
| 336 |
_atext _btxt _2rdacontent |
||
| 337 |
_aunmediated _bn _2rdamedia |
||
| 338 |
_avolume _bnc _2rdacarrier |
||
| 650 | 4 |
_aالاسلام - الحديث النبوي _935223 |
|
| 999 |
_aA14519 _c18087 _d18087 |
||